Zahraničné a ekonomické vzťahy - EÚ a USA bakalárska práca

Na minha lista:
Detalhes bibliográficos
Autor principal: Bartovičová, Amália
Autor Corporativo: Fakulta medzinárodných vzťahov EU. Katedra medzinárodných politických vzťahov
Outros Autores: Csányi, Peter, 1978-
Formato: Livro
Idioma:eslovaco
Publicado em: Bratislava 2024
Tags: Adicionar Tag
Sem tags, seja o primeiro a adicionar uma tag!

MARC

LEADER 00000nbm a2200000 4500
001 0301774
005 20250226105320.9
041 0 |a slo 
044 |a SK 
245 1 0 |a Zahraničné a ekonomické vzťahy - EÚ a USA  |b bakalárska práca  |c Amália Bartovičová ; školiteľ: Peter Csányi 
264 1 |a Bratislava  |c 2024 
300 |a 57 s. 
100 1 |a Bartovičová, Amália 
700 1 |a Csányi, Peter, 1978- 
710 2 |a Fakulta medzinárodných vzťahov EU. Katedra medzinárodných politických vzťahov